|
|
|
|
| LEADER |
01233nam a2200277 a 4500 |
| 001 |
14120659 |
| 008 |
100703s2006 njua b 001 0 eng d |
| 010 |
|
|
|a 2005049516
|
| 020 |
|
|
|a 9788131721421
|
| 020 |
|
|
|a 0131499300 (alk. paper)
|
| 040 |
|
|
|a DLC
|c DLC
|d BAKER
|d C#P
|d DLC
|d BD-DhAAL
|
| 082 |
0 |
0 |
|a 629.8/3
|2 22
|
| 100 |
1 |
|
|a Franklin, Gene F.
|
| 245 |
1 |
0 |
|a Feedback control of dynamic systems /
|c Gene F. Franklin, J. David Powell, Abbas Emami-Naeini.
|
| 250 |
|
|
|a 5th ed.
|
| 260 |
|
|
|a Upper Saddle River, N.J. ;
|a New Delhi :
|b Pearson Prentice Hall,
|c c2006.
|
| 300 |
|
|
|a xvii, 703 p. :
|b ill. ;
|c 25 cm.
|
| 504 |
|
|
|a Includes bibliographical references (p. 665-673) and index.
|
| 541 |
1 |
|
|e 00020549
|
| 650 |
|
0 |
|a Feedback control systems.
|
| 700 |
1 |
|
|a Powell, J. David,
|d 1938-
|
| 700 |
1 |
|
|a Emami-Naeini, Abbas.
|
| 852 |
4 |
|
|a Ayesha Abed Library
|j General shelf
|
| 999 |
|
|
|c 9156
|d 9156
|
| 952 |
|
|
|0 0
|1 0
|2 ddc
|4 0
|6 629_830000000000000_FRA_2006
|7 0
|9 11456
|a BRACUL
|b BRACUL
|c GEN
|d 2010-07-03
|l 3
|m 31
|o 629.83 FRA
|p 3010020549
|r 2018-12-17
|s 2018-09-16
|t 1
|w 2010-07-03
|y BK
|
| 952 |
|
|
|0 0
|1 0
|2 ddc
|4 0
|6 629_830000000000000_FRA_2006
|7 0
|9 11457
|a BRACUL
|b BRACUL
|c GEN
|d 2010-07-03
|l 3
|m 74
|o 629.83 FRA
|p 3010020550
|r 2017-03-06
|s 2016-01-21
|t 2
|w 2010-07-03
|y BK
|